Mapa świata bez 12 państw #2 - Statystyki

Ogólne statystyki
  • Ten quiz został rozwiązany 4 309 razy
  • Średni wynik to 9 z 12
Odpowiedzi na mapie
Odpowiedzi zakodowano w zielono-czerwonej skali na mapie do tego quizu, zgodnie z poniższymi procentami.
 
Statystyki odpowiedzi
Państwo % Poprawnych
Australia
97%
Panama
91%
Portugalia
89%
Maroko
87%
Korea Północna
86%
Grecja
81%
Armenia
74%
Gruzja
74%
Kuba
66%
Wietnam
65%
Malezja
64%
Islandia
60%
Nie znaleziono quizów pasujących do podanych kryteriów
Rozkład punktacji
Procent ludzi z każdym wynikiem
Percentyl według liczby udzielonych odpowiedzi
Twoja historia wyników
Nie rozwiązałeś tego quizu